| 000 | 00352 a2200133 4500 | ||
|---|---|---|---|
| 001 | 91497 | ||
| 082 | _aPR 1463 | ||
| 090 |
_c43638 _d43637 |
||
| 100 | _aNauman; Prof Sherzada Khan (Advisor) | ||
| 245 |
_aComprehensive Servo Motor Control Applications _n58 "B" EC |
||
| 260 |
_aRawalpindi _bNUST _c2003 |
||
| 300 | _a41p | ||
| 500 | _aBE Project Reports | ||
| 942 |
_aCAE NUST _kPR 1463 |
||
| 999 |
_c326570 _d326570 |
||